| 000 | 011050000a22002170004500 | ||
|---|---|---|---|
| 020 | _a84-206-1787-3 | ||
| 041 | 0 | _aSPA | |
| 082 | 0 | 4 | _aG 140 H921i |
| 100 | 1 | _aHume, David (1711-1776) | |
| 245 | 1 | 0 | _aInvestigación sobre el conocimiento humano / David Hume ; Jaime de Salas Ortueta, Traducción, prólogo y notas |
| 260 | _aMadrid, España : Alianza | ||
| 300 | _a192 Pag. | ||
| 500 | _aTítulo original : Enquiry concerning the human understading | ||
| 505 | 0 | 0 | _ade las distintas clases de filosofía -- sobre el origen de las ideas -- de la asociación de ideas -- dudas escépticas acerca de las operaciones del entendimiento -- solución escépticas de estas dudas -- de la probabilidad -- de la idea de conexión necesaria -- de la libertad y de la necesidad -- de la razón de los animales -- de los milagros -- de la providencia y de la vida futura -- de la filosofía académica o escéptica |
| 650 | 1 | 4 | _aTEORIA DEL CONOCIMIENTO \ ETICA |
| 001 | 732 | ||
| 942 | _cBK | ||
| 999 |
_c32193 _d32193 |
||
| 336 |
_atexto _btxt _2rdacontent |
||
| 337 |
_2rdamedia _asin mediación _bn |
||
| 338 |
_2rdacarrier _avolumen _bnc |
||